000 00483nam a2200169Ia 4500
003 GCL
008 140319s9999 xx 000 0 ara d
040 _aGCL /
_cGCL
082 0 4 _a813.03
_bم م
100 1 _aمحمد البساطى
245 1 0 _aالمقهى الزجاجى و الايام الصعبة: روايات /
_cمحمد البساطى
300 _a143 ص
490 _a
650 0 4 _aالادب العربى
650 0 4 _aالقصص العربية
942 _2ddc
_cBK
999 _c40442
_d40442